Investigación educativa y pedagógica
Saved in:
| Main Authors: | , |
|---|---|
| Format: | Book |
| Language: | Spanish |
| Published: |
Bogotá
McGraw-Hill Interamericana
2001
|
| Edition: | 1a. ed |
| Subjects: | |
| Tags: |
Add Tag
No Tags, Be the first to tag this record!
|
MARC
| LEADER | 00000cam a2200000 a 4500 | ||
|---|---|---|---|
| 001 | UCM4814 | ||
| 003 | CL-VaPUC | ||
| 008 | 020906e20010000CK |||||||||||||||||spa|d | ||
| 020 | |a 9584102168 | ||
| 082 | 0 | 4 | |a 370.7 |b FLO |2 21 |
| 100 | 0 | |a Flórez Ochoa, Rafael |e author |9 471226 | |
| 700 | 0 | |a Tobón Restrepo, Alonso |e author |9 471227 | |
| 245 | 1 | 0 | |a Investigación educativa y pedagógica |
| 250 | |a 1a. ed | ||
| 300 | |a 212 p | ||
| 942 | |c BK | ||
| 945 | |d 20020906 00:00:00 |a cmena | ||
| 260 | |a Bogotá |b McGraw-Hill Interamericana |c 2001 | ||
| 650 | 0 | |a Investigación educacional |9 261192 | |
| 650 | 0 | |a Investigación científica |9 259857 | |
| 650 | 0 | |a Métodos de investigación |9 262618 | |
| 650 | 0 | |a Ciencias sociales |v Investigación |9 307767 | |
| 583 | |a last modification |c 20121016 01:26:02 |k Rodrigo Vera | ||
| 999 | |c 301278 |d 301276 | ||
| 952 | |0 0 |1 0 |4 0 |6 370_700000000000000_FLO_2001 |7 0 |8 A |9 360091 |a FDOPOS |b FDOPOS |d 2019-11-21 |i 3840182 |o 370.7 FLO 2001 |p 3840182 |r 2025-01-22 |w 2019-11-21 |y BK |k MLA | ||
| 952 | |0 0 |1 0 |4 0 |6 370_700000000000000_FLO_2001 |7 0 |8 A |9 360092 |a BIBEDU |b BIBEDU |c ES_NOD |d 2019-11-21 |i 3911918 |o 370.7 FLO 2001 |p 3911918 |r 2023-08-09 |w 2019-11-21 |y BK |k EDU | ||
| 952 | |0 0 |1 0 |4 0 |6 370_700000000000000_FLO_2001 |7 0 |8 A |9 360093 |a BIBEDU |b BIBEDU |c ES_NOD |d 2019-11-21 |i 4916441 |o 370.7 FLO 2001 |p 4916441 |r 2023-08-09 |w 2019-11-21 |y BK |k EPE | ||